[Event "22nd Hoogeveen Open 2018"]
[Site "Hoogeveen"]
[Date "2018.10.22"]
[Round "4"]
[White "Klaren, Duncan"]
[Black "Bluhm, Sonja Maria"]
[Result "0-1"]
[WhiteElo "1950"]
[BlackElo "2281"]
[Annotator "NA"]
[PlyCount "56"]
[EventDate "2018.10.20"]
[EventType "swiss"]
[EventCountry "NED"]
[SourceTitle "playchess.com"]
[Source "ChessBase"]
[SourceQuality "1"]
[TimeControl "40/5400+30:1800+30"]

1. e4 {[%emt 0:00:00]} c5 {[%emt 0:00:00]} 2. Nf3 {[%emt 0:00:00]} Nc6 {[%emt 0:00:00]} 3. d4 {[%emt 0:00:00]} cxd4 {[%emt 0:00:00]} 4. Nxd4 {[%emt 0:00:00]} Nf6 {[%emt 0:00:00]} 5. Nc3 {[%emt 0:00:00]} e6 {[%emt 0:00:05]} 6. Bg5 {[%emt 0:03:00]} Qa5 {[%emt 0:05:25]} 7. Bxf6 {[%emt 0:03:40]} gxf6 {[%emt 0:00:10]} 8. Ndb5 {[%emt 0:01:01]} Bc5 {[%emt 0:28:00]} 9. Nd6+ {[%emt 0:07:02]} Ke7 {[%emt 0:00:29]} 10. Nc4 {[%emt 0:00:30]} Qc7 {[%emt 0:00:13]} 11. Qd2 {[%emt 0:05:21]} Ne5 {[%emt 0:01:35]} 12. O-O-O {[%emt 0:07:11]} Nxc4 {[%emt 0:02:04]} 13. Bxc4 {[%emt 0:01:01]} a6 {[%emt 0:01:24]} 14. Rhe1 {[%emt 0:00:56]} b5 {[%emt 0:03:08]} 15. Qh6 {[%emt 0:04:15]} Bb7 {[%emt 0:02:37]} 16. Bd5 {[%emt 0:00:59]} b4 $16 {[%emt 0:13:26]} ({Lieber} 16... Rhg8) 17. e5 {[%emt 0:16:40]} fxe5 {[%emt 0:11:34]} 18. Ne4 {[%emt 0:01:10]} Rhc8 {[%emt 0:02:37]} 19. Qf6+ {[%emt 0:04:19]} Ke8 {[%emt 0:02:37]} 20. Qh8+ {[%emt 0:03:42]} Bf8 {[%emt 0:04:34]} 21. Nd6+ {[%emt 0:01:30]} Ke7 {[%emt 0:00:24]} 22. Qxh7 {[%emt 0:02:34]} Bxd5 {[%emt 0:01:25]} 23. Nxf7 {[%emt 0:19:44]} Qxc2+ {[%emt 0:01:26]} 24. Qxc2 {[%emt 0:00:05]} Rxc2+ {[%emt 0:00:05]} 25. Kxc2 {[%emt 0:00:01]} Kxf7 {[%emt 0:00:06]} 26. Rxe5 {[%emt 0:00:14]} Bg7 {[%emt 0:01:13]} 27. Re3 {[%emt 0:00:37]} Ra7 {[%emt 0:00:28]} 28. Rg3 {[%emt 0:02:03]} Rc7+ {[%emt 0:01:41]} 0-1

[Event "22nd Hoogeveen Open 2018"]
[Site "Hoogeveen"]
[Date "2018.10.22"]
[Round "4"]
[White "Van Foreest, Machteld"]
[Black "Bleeker, Kasper"]
[Result "1-0"]
[WhiteElo "1934"]
[BlackElo "1891"]
[Annotator "NA"]
[PlyCount "63"]
[EventDate "2018.10.20"]
[EventType "swiss"]
[EventCountry "NED"]
[SourceTitle "playchess.com"]
[Source "ChessBase"]
[SourceQuality "1"]
[TimeControl "40/5400+30:1800+30"]

1. e4 {[%emt 0:00:00]} e5 {[%emt 0:00:00]} 2. Nf3 {[%emt 0:00:00]} Nc6 {[%emt 0:00:00]} 3. d4 {[%emt 0:00:22]} exd4 {[%emt 0:00:00]} 4. Nxd4 {[%emt 0:00:02]} Nf6 {[%emt 0:00:03]} 5. Nxc6 {[%emt 0:00:03]} bxc6 {[%emt 0:00:12]} 6. e5 {[%emt 0:00:02]} Qe7 {[%emt 0:00:08]} 7. Qe2 {[%emt 0:00:03]} Nd5 {[%emt 0:00:05]} 8. c4 {[%emt 0:00:03]} Ba6 {[%emt 0:00:07]} 9. Nd2 {[%emt 0:00:11]} O-O-O {[%emt 0:00:47]} 10. Qe4 {[%emt 0:10:09]} Nb6 {[%emt 0:02:37]} 11. c5 {[%emt 0:12:21]} Bxf1 {[%emt 0:00:10]} 12. cxb6 {[%emt 0:00:14]} Ba6 {[%emt 0:00:14]} 13. bxa7 {[%emt 0:06:03]} Kb7 {[%emt 0:00:06]} 14. b3 {[%emt 0:08:33]} f6 {[%emt 0:03:22]} 15. Bb2 {[%emt 0:02:58]} fxe5 {[%emt 0:04:12]} 16. O-O-O {[%emt 0:05:38]} Qc5+ {[%emt 0:07:15]} 17. Kb1 {[%emt 0:02:43]} Qxa7 {[%emt 0:01:49]} 18. Nf3 {[%emt 0:05:26]} d5 {[%emt 0:15:00]} 19. Qc2 {[%emt 0:06:59]} Bc5 {[%emt 0:13:05]} 20. Nxe5 {[%emt 0:01:52]} Rhe8 {[%emt 0:01:26]} 21. Rc1 {[%emt 0:01:29]} Bxf2 {[%emt 0:35:25]} 22. Nxc6 {[%emt 0:00:42]} Qb6 {[%emt 0:00:36]} 23. Nxd8+ {[%emt 0:00:30]} Rxd8 {[%emt 0:00:01]} 24. Be5 {[%emt 0:03:27]} Rd7 {[%emt 0:06:00]} 25. Rcd1 {[%emt 0:18:44]} g6 {[%emt 0:01:13]} 26. Qc3 {[%emt 0:00:33]} Qe6 {[%emt 0:02:33]} 27. Bd4 {[%emt 0:01:00]} Qe4+ {[%emt 0:01:36]} 28. Ka1 {[%emt 0:00:10]} Bxd4 29. Rxd4 {[%emt 0:01:07]} Qxg2 {[%emt 0:03:18]} 30. Rc1 {[%emt 0:00:22]} Bb5 {[%emt 0:02:24]} 31. Rb4 {[%emt 0:00:57]} Ka6 {[%emt 0:01:00]} 32. Rxb5 {[%emt 0:00:13]} 1-0

[Event "22nd Hoogeveen Open 2018"]
[Site "Hoogeveen"]
[Date "2018.10.22"]
[Round "4"]
[White "Emans, Job"]
[Black "Pham, Khoi"]
[Result "0-1"]
[WhiteElo "1927"]
[BlackElo "2153"]
[Annotator "NA"]
[PlyCount "74"]
[EventDate "2018.10.20"]
[EventType "swiss"]
[EventCountry "NED"]
[SourceTitle "playchess.com"]
[Source "ChessBase"]
[SourceQuality "1"]
[TimeControl "40/5400+30:1800+30"]

1. Nf3 {[%emt 0:00:00]} d6 {[%emt 0:00:00]} 2. g3 {[%emt 0:00:00]} g6 {[%emt 0:00:00]} 3. Bg2 {[%emt 0:00:11]} Bg7 {[%emt 0:00:10]} 4. d4 {[%emt 0:00:28]} Nf6 {[%emt 0:00:06]} 5. O-O {[%emt 0:00:22]} O-O {[%emt 0:00:07]} 6. c4 {[%emt 0:01:24]} Nbd7 {[%emt 0:00:09]} 7. Nc3 {[%emt 0:00:25]} e5 {[%emt 0:00:06]} 8. e4 {[%emt 0:02:28]} c6 {[%emt 0:00:46]} 9. d5 {[%emt 0:04:09]} cxd5 {[%emt 0:03:21]} 10. cxd5 {[%emt 0:00:12]} b6 {[%emt 0:07:07]} 11. Re1 {[%emt 0:05:12]} a5 {[%emt 0:01:26]} 12. Bf1 {[%emt 0:06:59]} Nc5 {[%emt 0:01:10]} 13. Nd2 {[%emt 0:01:46]} Ne8 {[%emt 0:02:33]} 14. Nc4 {[%emt 0:13:25]} f5 {[%emt 0:01:37]} 15. Be3 {[%emt 0:01:58]} f4 {[%emt 0:17:29]} 16. Bxc5 {[%emt 0:02:43]} bxc5 {[%emt 0:00:12]} 17. Nb5 {[%emt 0:11:28]} h5 {[%emt 0:03:25]} 18. Be2 {[%emt 0:06:00]} Qf6 {[%emt 0:04:44]} 19. f3 {[%emt 0:07:34]} Bh6 {[%emt 0:05:39]} 20. Nb6 {[%emt 0:04:31]} fxg3 {[%emt 0:04:11]} 21. Nxa8 {[%emt 0:09:00]} gxh2+ {[%emt 0:00:24]} 22. Kh1 {[%emt 0:00:04]} Qh4 {[%emt 0:06:38]} 23. Bf1 {[%emt 0:02:08]} Qg3 {[%emt 0:03:15]} 24. Bg2 {[%emt 0:00:59]} h4 {[%emt 0:00:07]} 25. Qe2 {[%emt 0:04:45]} h3 {[%emt 0:00:54]} 26. Nb6 {[%emt 0:00:34]} Bg4 {[%emt 0:02:31]} 27. Rf1 {[%emt 0:03:36]} hxg2+ {[%emt 0:00:48]} 28. Qxg2 {[%emt 0:00:04]} Bxf3 {[%emt 0:00:08]} 29. Rxf3 {[%emt 0:00:06]} Qxf3 {[%emt 0:00:37]} 30. Nc4 {[%emt 0:02:00]} Qf6 {[%emt 0:01:58]} 31. Nxa5 {[%emt 0:04:17]} Bf4 {[%emt 0:01:06]} 32. Nc6 {[%emt 0:00:59]} Ng7 {[%emt 0:03:16]} 33. Qg4 {[%emt 0:03:42]} Kh7 {[%emt 0:06:46]} 34. Rf1 {[%emt 0:01:49]} Nh5 {[%emt 0:01:06]} 35. Rf3 {[%emt 0:00:07]} Ng3+ {[%emt 0:07:30]} 36. Rxg3 {[%emt 0:00:04]} Bxg3 {[%emt 0:00:12]} 37. Qxg3 {[%emt 0:00:05]} Qf1+ {[%emt 0:00:10]} 0-1

[Event "22nd Hoogeveen Open 2018"]
[Site "Hoogeveen"]
[Date "2018.10.22"]
[Round "4"]
[White "De Vries, Emma"]
[Black "Kutchoukov, Daniel"]
[Result "0-1"]
[WhiteElo "1905"]
[BlackElo "1882"]
[Annotator "NA"]
[PlyCount "58"]
[EventDate "2018.10.20"]
[EventType "swiss"]
[EventCountry "NED"]
[SourceTitle "playchess.com"]
[Source "ChessBase"]
[SourceQuality "1"]
[TimeControl "40/5400+30:1800+30"]

1. e4 {[%emt 0:00:00]} c6 {[%emt 0:00:37]} 2. d4 {[%emt 0:00:00]} d5 {[%emt 0:00:04]} 3. e5 {[%emt 0:00:00]} Bf5 {[%emt 0:00:04]} 4. Nf3 {[%emt 0:00:00]} e6 {[%emt 0:00:09]} 5. Be2 {[%emt 0:00:00]} c5 {[%emt 0:00:05]} 6. c4 {[%emt 0:05:59]} dxc4 {[%emt 0:13:58]} 7. Bxc4 {[%emt 0:16:28]} Nc6 {[%emt 0:04:30]} 8. d5 {[%emt 0:05:59]} exd5 {[%emt 0:03:10]} 9. Bxd5 {[%emt 0:07:44]} Nge7 {[%emt 0:02:24]} 10. Bxc6+ {[%emt 0:17:07]} Nxc6 {[%emt 0:02:27]} 11. Qd4 {[%emt 0:13:57]} Qd6 12. Qxd6 {[%emt 0:00:30]} Rb8 {[%emt 0:01:37]} 13. Qd8+ Rxd8 {[%emt 0:01:00]} 14. O-O {[%emt 0:00:47]} Be7 {[%emt 0:19:44]} 15. Re1 {[%emt 0:08:05]} Nb4 {[%emt 0:16:54]} 16. Na3 {[%emt 0:01:00]} Nd3 {[%emt 0:10:10]} 17. Rd1 {[%emt 0:00:17]} O-O {[%emt 0:00:17]} 18. Nc4 {[%emt 0:01:21]} Nxe5 {[%emt 0:01:06]} 19. Rxd8 {[%emt 0:02:35]} Rxd8 {[%emt 0:01:57]} 20. Ne3 {[%emt 0:02:03]} Nxf3+ {[%emt 0:08:32]} 21. gxf3 {[%emt 0:00:04]} Bh3 {[%emt 0:02:38]} 22. b3 {[%emt 0:02:38]} Bf6 {[%emt 0:04:09]} 23. Rb1 {[%emt 0:00:05]} b6 {[%emt 0:04:33]} 24. b4 {[%emt 0:07:03]} c4 {[%emt 0:00:28]} 25. a4 {[%emt 0:00:50]} c3 {[%emt 0:01:23]} 26. Ba3 {[%emt 0:00:22]} Rd2 {[%emt 0:00:31]} 27. b5 {[%emt 0:03:30]} Bh4 {[%emt 0:00:29]} 28. Ng4 {[%emt 0:02:44]} c2 {[%emt 0:00:18]} 29. Re1 {[%emt 0:00:16]} Rd1 {[%emt 0:00:07]} 0-1

[Event "22nd Hoogeveen Open 2018"]
[Site "Hoogeveen"]
[Date "2018.10.22"]
[Round "4"]
[White "Oord, Raymon"]
[Black "Mellema, Andries"]
[Result "1/2-1/2"]
[WhiteElo "1900"]
[BlackElo "2140"]
[Annotator "NA"]
[PlyCount "95"]
[EventDate "2018.10.20"]
[EventType "swiss"]
[EventCountry "NED"]
[SourceTitle "playchess.com"]
[Source "ChessBase"]
[SourceQuality "1"]
[TimeControl "40/5400+30:1800+30"]

1. b3 {[%emt 0:00:00]} e5 {[%emt 0:05:13]} 2. Bb2 {[%emt 0:00:03]} Nc6 {[%emt 0:00:06]} 3. e3 {[%emt 0:00:15]} Nf6 {[%emt 0:00:57]} 4. d4 {[%emt 0:01:00]} exd4 {[%emt 0:05:00]} 5. exd4 {[%emt 0:00:32]} d5 {[%emt 0:00:57]} 6. Nf3 {[%emt 0:01:44]} Bg4 {[%emt 0:05:18]} 7. Be2 {[%emt 0:03:07]} Bb4+ {[%emt 0:05:49]} 8. c3 {[%emt 0:01:25]} Bd6 {[%emt 0:00:13]} 9. Nbd2 {[%emt 0:02:53]} O-O {[%emt 0:03:32]} 10. O-O {[%emt 0:02:16]} Re8 {[%emt 0:05:46]} 11. h3 {[%emt 0:01:16]} Bh5 {[%emt 0:05:25]} 12. Re1 {[%emt 0:04:39]} Ne4 {[%emt 0:10:50]} 13. Nxe4 {[%emt 0:10:41]} dxe4 {[%emt 0:14:44]} 14. Nd2 {[%emt 0:05:48]} Bg6 {[%emt 0:01:27]} 15. Nc4 {[%emt 0:01:24]} Bf4 {[%emt 0:04:43]} 16. Bc1 {[%emt 0:02:24]} Bxc1 {[%emt 0:02:05]} 17. Rxc1 {[%emt 0:02:37]} Qh4 {[%emt 0:01:28]} 18. Bf1 {[%emt 0:04:28]} f5 {[%emt 0:02:43]} 19. b4 {[%emt 0:03:31]} a6 {[%emt 0:02:58]} 20. a4 {[%emt 0:01:11]} b5 {[%emt 0:11:34]} 21. axb5 {[%emt 0:05:16]} axb5 {[%emt 0:00:02]} 22. Ne3 {[%emt 0:02:44]} Rab8 {[%emt 0:00:03]} 23. Nd5 {[%emt 0:07:32]} Qd8 {[%emt 0:00:26]} 24. Ne3 {[%emt 0:08:20]} f4 {[%emt 0:02:10]} 25. Ng4 {[%emt 0:12:32]} h5 {[%emt 0:01:08]} 26. Nh2 {[%emt 0:02:38]} Qd6 {[%emt 0:00:58]} 27. Ra1 {[%emt 0:02:32]} Ne7 {[%emt 0:01:19]} 28. c4 {[%emt 0:04:38]} bxc4 {[%emt 0:00:33]} 29. Bxc4+ {[%emt 0:00:37]} Kh8 {[%emt 0:00:35]} 30. Ra6 {[%emt 0:04:17]} Rb6 {[%emt 0:01:16]} 31. Rxb6 {[%emt 0:00:42]} cxb6 {[%emt 0:01:26]} 32. Rxe4 {[%emt 0:01:56]} Rd8 {[%emt 0:01:25]} 33. Re6 {[%emt 0:00:22]} Qxd4 {[%emt 0:00:20]} 34. Qxd4 {[%emt 0:00:46]} Rxd4 {[%emt 0:00:06]} 35. Bf1 {[%emt 0:00:15]} Rd7 {[%emt 0:01:33]} 36. Rxb6 {[%emt 0:00:23]} Be4 {[%emt 0:00:57]} 37. Rb8+ {[%emt 0:00:33]} Kh7 {[%emt 0:00:10]} 38. Rf8 {[%emt 0:00:27]} Ng6 {[%emt 0:01:13]} 39. Re8 {[%emt 0:00:13]} Rd4 {[%emt 0:01:11]} 40. b5 {[%emt 0:00:40]} Rb4 {[%emt 0:01:03]} 41. Nf3 {[%emt 0:10:51]} Bxf3 {[%emt 0:02:55]} 42. gxf3 {[%emt 0:00:03]} Rb1 {[%emt 0:00:52]} 43. Re4 {[%emt 0:04:55]} Kh6 {[%emt 0:02:51]} 44. Rd4 {[%emt 0:02:28]} Kg5 {[%emt 0:16:04]} 45. Rd5+ {[%emt 0:01:29]} Kh6 {[%emt 0:00:08]} 46. Rd6 {[%emt 0:08:46]} Kg5 {[%emt 0:01:53]} 47. Rd5+ {[%emt 0:01:06]} Kh6 {[%emt 0:00:44]} 48. Rd6 {[%emt 0:02:06]} 1/2-1/2

[Event "22nd Hoogeveen Open 2018"]
[Site "Hoogeveen"]
[Date "2018.10.23"]
[Round "5"]
[White "Amin, Bassem"]
[Black "Guseinov, Gadir"]
[Result "1-0"]
[WhiteElo "2686"]
[BlackElo "2667"]
[Annotator "TA"]
[PlyCount "99"]
[EventDate "2018.10.20"]
[EventType "swiss"]
[EventCountry "NED"]
[SourceTitle "playchess.com"]
[Source "ChessBase"]
[SourceQuality "1"]

{[%evp 21,99,29,38,29,31,29,32,14,24,33,30,20,20,28,48,34,34,34,27,33,75,70,74,76,118,87,83,78,86,43,68,77,73,12,5,7,8,11,22,5,10,22,139,74,67,67,148,85,223,227,245,248,246,249,252,234,235,235,258,254,328,311,483,491,474,484,484,470,451,429,385,367,12845,12845,12845,12846,12846,12847,12847,0]} 1. e4 c5 2. Nf3 Nc6 3. Bb5 g6 4. Bxc6 bxc6 5. O-O Bg7 6. Re1 Nh6 7. c3 O-O 8. h3 {B31: Sicilian: 2...Nc6 3 Bb5 g6} f5 9. e5 Nf7 10. d3 d6 11. Bf4 Ba6 {LiveBook: 9 Games} 12. Na3 Rb8 13. Qd2 $146 ({Predecessor:} 13. b3 g5 14. Nxg5 Nxg5 15. Bxg5 dxe5 {½-½ (44) Khismatullin,D (2632)-Gelfand,B (2695) Sochi 2018}) 13... dxe5 14. Nxe5 Nxe5 15. Bxe5 Bxe5 16. Rxe5 Qxd3 17. Qc1 Rfd8 18. Rxe7 {White threatens Qh6 and mate.} Rd7 19. Rxd7 Qxd7 20. c4 Qd4 21. b3 Rd8 22. Nc2 Qd2 23. Ne1 Qxc1 24. Rxc1 $16 {[%mdl 4096] Endgame KRB-KRN} f4 25. Rc3 Rd1 26. Kf1 Ra1 27. a4 (27. Rd3 $1 $16) 27... Bc8 $11 28. Ke2 Bf5 29. Nd3 g5 30. Nxc5 Ra2+ 31. Kf3 Bc2 (31... h5 $11 {keeps the balance.}) 32. Ne6 (32. Nd3 $142 $1) 32... Bd1+ $16 33. Ke4 h6 {[#]} (33... Rxf2 $14 34. Nxg5 Rb2) 34. g3 ({White should try} 34. Ke5 $1) 34... Kf7 (34... Re2+ $16 {was worth a try.} 35. Kf5 Rxf2 36. gxf4 gxf4) 35. Nd8+ $18 Ke8 {White must now prevent ...Re2+.} 36. Nxc6 Re2+ 37. Kf5 Rxf2 38. gxf4 gxf4 39. Nd4 ({Worse is} 39. Nxa7 f3 $11) 39... f3 40. Kf4 Rb2 41. Rd3 ({Inferior is} 41. Nxf3 Rxb3 42. Rxb3 Bxb3 $11) 41... f2 (41... Be2 {might work better.} 42. Re3+ Kd7 43. Nxf3 Bxf3) 42. Rxd1 {KRN-KR} Rd2 43. Rf1 ({Stronger than} 43. Rxd2 f1=Q+ 44. Nf3 Qxh3 $11) 43... Rxd4+ {KR-KR} 44. Ke3 Rh4 45. Rxf2 Rxh3+ 46. Rf3 Rxf3+ $2 (46... Rh4 47. Kd2 Rh5) 47. Kxf3 {White is clearly winning.} a5 48. Ke4 Ke7 {[#]} 49. Ke5 $1 Kf7 50. Ke4 $2 {[%mdl 32768] Precision: White = 60%, Black = 42%. . Sensor Board Error (Ke4/e5)?} ({Better is} 50. Kf5 $18 Ke7 51. Kg6) 1-0

[Event "22nd Hoogeveen Open 2018"]
[Site "Hoogeveen"]
[Date "2018.10.23"]
[Round "5"]
[White "Safarli, Eltaj"]
[Black "Den Hartog, Marijn"]
[Result "1-0"]
[WhiteElo "2676"]
[BlackElo "2296"]
[Annotator "TA"]
[PlyCount "55"]
[EventDate "2018.10.20"]
[EventType "swiss"]
[EventCountry "NED"]
[SourceTitle "playchess.com"]
[Source "ChessBase"]
[SourceQuality "1"]

{[%evp 17,55,0,-1,0,13,-22,40,20,17,20,45,38,46,43,60,35,37,0,99,85,233,201,224,174,254,233,271,272,274,256,274,268,252,169,160,162,285,256,516,504]} 1. e4 e5 2. Nc3 Nf6 3. g3 g6 4. Bg2 Bg7 5. d3 (5. Nf3 Nc6 6. O-O O-O 7. d3 Re8 8. h3 h6 9. Be3 d6 10. Nd2 Nd7 11. f4 exf4 12. gxf4 f5 {½-½ (67) Yuffa,D (2563)-Papenin,N (2334) Sochi 2018}) 5... O-O 6. Nge2 {C26: Vienna Game: 2...Nf6, sidelines} c6 7. O-O Re8 8. d4 $146 ({Predecessor:} 8. h3 h6 9. Kh2 d5 10. a3 Na6 11. f4 exf4 12. gxf4 {½-½ (51) Moravcik,R (2110)-Pacher,M (2200) Slovakia 2005}) 8... d6 9. a4 {[%cal Ba2a4,Ba4a5][%mdl 32]} Na6 {LiveBook: 3 Games} 10. a5 Qc7 11. h3 Rb8 ({Better is} 11... b5 $11) 12. Bg5 h6 13. Be3 b5 14. axb6 $1 axb6 15. Qd2 Kh7 16. f4 exd4 17. Nxd4 {[#] aiming for e5.} d5 (17... Bb7 $1 $11) 18. e5 $36 {[%mdl 2048] White is on the roll.} Ne4 (18... Ng8 $16 {was worth a try.}) 19. Nxe4 $18 dxe4 20. Qc3 c5 (20... Bb7 $142 21. Qc4 (21. Bxe4 Qd7 $18) 21... b5) 21. Nb5 Qc6 22. Na7 Qb7 23. Nxc8 Rbxc8 24. Qc4 Nb4 25. Qxe4 Qxe4 26. Bxe4 f6 (26... f5 {might work better.}) 27. c3 fxe5 $2 {[#]} (27... Nc6 28. Rfe1 Ne7) 28. f5 {Precision: White = 60%, Black = 23%.} 1-0

[Event "22nd Hoogeveen Open 2018"]
[Site "Hoogeveen"]
[Date "2018.10.23"]
[Round "5"]
[White "Romanov, Evgeny"]
[Black "Van Delft, Merijn"]
[Result "1-0"]
[WhiteElo "2614"]
[BlackElo "2381"]
[Annotator "TA"]
[PlyCount "81"]
[EventDate "2018.10.20"]
[EventType "swiss"]
[EventCountry "NED"]
[SourceTitle "playchess.com"]
[Source "ChessBase"]
[SourceQuality "1"]

{[%evp 19,81,20,16,13,13,16,10,17,25,12,9,8,11,2,10,16,19,0,9,0,0,0,8,9,58,48,48,50,59,22,33,21,102,58,75,26,81,7,67,56,52,48,45,45,49,59,52,8,0,0,340,354,331,319,345,342,322,340,333,319,439,432,498,499]} 1. e4 c5 2. Nf3 d6 3. Bb5+ Nc6 4. O-O Bd7 5. Re1 Nf6 6. c3 a6 7. Bf1 Bg4 8. h3 Bxf3 9. Qxf3 e6 {B51: Sicilian: Moscow Variation (3 Bb5+) without 3...Bd7} (9... g6 10. Na3 Bg7 11. Nc2 Nd7 12. Qd1 O-O 13. b3 Rc8 14. d4 cxd4 15. cxd4 Qb6 16. Be3 Nb4 17. Nxb4 Qxb4 {0-1 (60) Fedoseev,V (2724)-Mamedov,R (2709) chess.com INT 2018}) 10. Qg3 Be7 {LiveBook: 3 Games} 11. Na3 O-O {The position is equal.} 12. Nc2 Re8 13. d3 d5 14. Bh6 {[%csl Gh6][%cal Rg3g7] [#]} g6 $146 ({Predecessor:} 14... Bf8 15. Rad1 {½-½ (60) Campos Jimenez,A (2337)-Albornoz Cabrera,C (2471) Guatape 2016}) 15. exd5 Nxd5 16. Rad1 Bf6 17. Qf3 Bh8 18. g3 Qb6 19. Bc1 Rad8 20. Bg2 Qa5 21. a3 b5 22. Bg5 Rc8 23. Qe2 {Bxd5 is the strong threat.} Nce7 24. c4 Nf6 25. b4 Qc7 (25... Qa4 $1 $11 {keeps the balance.}) 26. Bf4 $16 Qd7 27. g4 Red8 (27... h5 $11 {remains equal.}) 28. Bg5 (28. Be3 $16) 28... Bg7 (28... h5 $11) 29. Qf3 $36 {[%mdl 2048] White is pushing.} Ne8 30. bxc5 Rxc5 31. Be3 {[%cal Bg5e3,Be3b6,Bb6c7][%mdl 32]} Rcc8 32. Bb6 Nc7 33. Nb4 Bd4 34. c5 {[%cal Bc4c5,Bc5c6][%mdl 32]} Ned5 $2 {[%mdl 8192]} (34... a5 $11 {and Black stays safe.} 35. Nc6 (35. Bxa5 Bxc5 36. Rc1 Bd6 $11) 35... Nxc6 36. Qxc6 Nd5 37. Qxd7 Rxd7) 35. c6 $18 Qe8 {[#]} 36. Nxd5 $1 ({Not} 36. Bxd4 Nxb4 37. Bf6 (37. Qf6 Rxd4 38. Qxd4 Nc2 $14) 37... Nc2 $16) 36... Rxd5 37. Bxc7 $1 Qxc6 38. Rc1 Qd7 39. Qf4 e5 40. Qf3 Rc5 41. Rxc5 {Precision: White = 59%, Black = 40%.} 1-0

[Event "22nd Hoogeveen Open 2018"]
[Site "Hoogeveen"]
[Date "2018.10.23"]
[Round "5"]
[White "Kryakvin, Dmitry"]
[Black "Kuipers, Stefan"]
[Result "1-0"]
[WhiteElo "2595"]
[BlackElo "2467"]
[Annotator "TA"]
[PlyCount "71"]
[EventDate "2018.10.20"]
[EventType "swiss"]
[EventCountry "NED"]
[SourceTitle "playchess.com"]
[Source "ChessBase"]
[SourceQuality "1"]

{[%evp 30,71,55,50,77,75,96,95,139,103,113,94,106,106,106,106,106,104,104,106,114,109,120,115,125,119,141,75,155,147,168,105,212,187,321,310,288,293,454,446,395,452,418,396]} 1. d4 d5 2. c4 c6 3. Nf3 Nf6 4. Nc3 e6 5. Bg5 Nbd7 6. cxd5 exd5 7. e3 Be7 8. Qc2 O-O 9. Bd3 Re8 10. O-O Nf8 11. h3 g6 12. Bh6 Ne6 {D36: Queen's Gambit Declined: Exchange Variation: Main line (5 Bg5 c6 6 Qc2)} 13. Ne5 Ng7 (13... Bf8 14. Bxf8 Rxf8 15. b4 Qe7 16. Rab1 Ng7 17. Rfc1 Bf5 18. Ne2 Ne4 19. Nc3 Rac8 20. Nxe4 dxe4 {1-0 (63) Aczel,G (2549)-Berkes,F (2658) Budapest 2017}) 14. g4 Nd7 15. f4 {[%cal Bf2f4,Bf4e5][%mdl 32]} Nxe5 16. fxe5 {LiveBook: 14 Games} Rf8 17. Rf3 $146 ({Predecessor:} 17. Rae1 Be6 18. Rf3 Bg5 19. Bxg5 Qxg5 20. Ref1 {½-½ (30) Ilic,D (2311)-Dudukovic,N (2349) Banja Vrujci 2017}) 17... Be6 18. Raf1 c5 19. Qf2 Bh4 20. Qg2 cxd4 21. exd4 Bg5 22. Bxg5 Qxg5 23. Rf4 Rad8 24. Bc2 Ne8 25. Qf2 Kg7 26. Kh2 Qe7 27. Qe3 Rh8 28. Bd1 ({White should try} 28. Ne2) 28... b5 ({Black should play} 28... h6) 29. Ne2 {[%cal Bc3e2,Be2f4,Bf4d3,Bd3c5][%mdl 32]} h5 30. g5 (30. Nc1 $18) 30... Qb4 (30... Kg8 $16) 31. R4f2 $18 Nc7 (31... Kg8 $142 32. h4 Ng7) 32. Nf4 Rd7 33. Nd3 Qa5 (33... Qe7 $142 34. Nc5 Rc8) 34. Nc5 Re7 35. Bc2 Qb6 36. Rf6 {Precision: White = 65%, Black = 29%.} 1-0

[Event "22nd Hoogeveen Open 2018"]
[Site "Hoogeveen"]
[Date "2018.10.23"]
[Round "5"]
[White "Pruijssers, Roeland"]
[Black "Van Den Doel, Erik"]
[Result "1/2-1/2"]
[WhiteElo "2501"]
[BlackElo "2607"]
[Annotator "TA"]
[PlyCount "66"]
[EventDate "2018.10.20"]
[EventType "swiss"]
[EventCountry "NED"]
[SourceTitle "playchess.com"]
[Source "ChessBase"]
[SourceQuality "1"]

{[%evp 24,66,0,0,0,2,7,5,10,0,0,-19,0,0,0,-16,10,0,0,26,33,-13,-8,-35,-36,-8,-15,-38,-14,-12,-12,-20,-7,-31,-27,-31,-29,-28,-22,-32,0,0,0,0,0]} 1. e4 e5 2. Nf3 Nc6 3. Bc4 Bc5 4. d3 Nf6 5. O-O d6 6. c3 h6 7. Re1 O-O 8. h3 a5 {C54: Giuoco Piano: 4 c3 Nf6, main lines with 5 d4 and 5 d3} 9. Nbd2 Be6 10. Bb5 Qb8 11. Nf1 Qa7 12. Be3 Bxe3 13. Nxe3 {LiveBook: 4 Games} Ne7 14. a4 Ng6 15. Bc4 {[#]} Bd7 $146 ({Predecessor:} 15... Bxc4 16. Nxc4 {½-½ (44) Carlsen,M (2837)-Ding,L (2774) Saint Louis 2017}) 16. Bb3 Rfe8 17. Qd2 Qb8 18. h4 {[%cal Bh3h4,Bh4h5][%mdl 32]} Qd8 19. g3 Bc6 20. Qe2 Qd7 21. Nh2 d5 22. h5 Nf8 $1 {[%cal Bg6f8,Bf8h7,Bh7f6,Bf6d7][%mdl 32]} 23. Neg4 {[#] Nxf6+ is the strong threat.} N8h7 24. exd5 Bxd5 25. Bxd5 Qxd5 26. Nxf6+ Nxf6 27. Ng4 {[%cal Bh2g4,Bg4e3,Be3f5][%mdl 32]} Nd7 28. Ne3 Qc6 29. Nf5 {With the idea Qg4.} Nf6 30. d4 e4 31. Ne3 Nh7 32. Kg2 Ng5 33. Qb5 Qe6 {Precision: White = 71%, Black = 48%.} 1/2-1/2